| 000 | 00949nam a2200241 a 4500 | ||
|---|---|---|---|
| 001 | 39369 | ||
| 003 | BD-RjUL | ||
| 005 | 20211209052958.0 | ||
| 008 | 160409s2011 bg ||||| |||| 001 0 ben d | ||
| 020 |
_a9789848765 _c: TK. 400.00 |
||
| 035 | _a(BD-RjUL)39482 | ||
| 040 |
_aBD-RjUL _bben _cBD-RjUL |
||
| 041 | _aben | ||
| 082 |
_223 _bISV 2011 _a891.444 |
||
| 100 |
_aইসলাম, নজরুল _9120305 |
||
| 245 | 1 | 0 |
_aবাংলাদেশের গ্রাম : _bঅতীত ও ভবিষ্যৎ / _cনজরুল ইসলাম |
| 260 |
_aঢাকা : _bপ্রথমা প্রকাশন, _c২০১১ |
||
| 300 |
_a২৯৬ পৃ. _c২১ সেমি. |
||
| 500 | _aপাদটীকা, নির্দেশিত রচনাবলি ও নির্ঘন্ট সংযুক্ত | ||
| 650 |
_aবাংলা প্রবন্ধ _9121384 |
||
| 650 |
_aBengali Essays _9121385 |
||
| 942 |
_2ddc _cBK |
||
| 999 |
_c39369 _d39369 |
||